Giải phẫu ứng dụng mạch, thần kinh, khớp chi trên - chi dưới (dùng cho sau đại học)

Sách trình bày về giải phẫu mạch, thần kinh, khớp chi trên và giải phẫu mạch, thần kinh, khớp chi dưới.

Spremljeno u:
Bibliografski detalji
Glavni autor: Hoàng Văn Lương (Chủ biên)
Daljnji autori: Trần Ngọc Anh, Nguyễn Duy Bắc
Format: Knjiga
Jezik:Vietnamese
Izdano: H. Quân đội nhân dân 2011
Teme:
Oznake: Dodaj oznaku
Bez oznaka, Budi prvi tko označuje ovaj zapis!
Thư viện lưu trữ: Thư viện Trường Đại học Nam Cần Thơ
LEADER 01311nam a22002417a 4500
001 NCT_62962
008 190409b xxu||||| |||| 00| 0 vie d
999 |c 3046  |d 3046 
020 |c 215000 
082 0 4 |2 23rd ed.  |a 611.7  |b L561 
100 1 |a Hoàng Văn Lương  |e Chủ biên 
245 1 0 |a Giải phẫu ứng dụng mạch, thần kinh, khớp chi trên - chi dưới  |b (dùng cho sau đại học)  |c Hoàng Văn Lương (chủ biên) ; Trần Ngọc Anh, Nguyễn Duy Bắc 
260 |a H.  |b Quân đội nhân dân  |c 2011 
300 |a 274 tr.  |b Minh họa  |c 27cm 
500 |a ĐTTS ghi: Học viện Quân y 
520 3 |a Sách trình bày về giải phẫu mạch, thần kinh, khớp chi trên và giải phẫu mạch, thần kinh, khớp chi dưới. 
653 |a Y Đa khoa 
700 1 |a Trần Ngọc Anh 
700 1 |a Nguyễn Duy Bắc 
942 |2 ddc  |c BK 
952 |0 0  |1 0  |2 ddc  |4 0  |6 611_700000000000000_L561  |7 0  |9 16524  |a 000001  |b 000001  |d 2019-04-09  |o 611.7 L561  |p MD.15068  |r 2019-04-09  |v 215000.00  |w 2019-04-09  |y BK 
952 |0 0  |1 0  |2 ddc  |4 0  |6 611_700000000000000_L561  |7 0  |9 16525  |a 000001  |b 000001  |d 2019-04-09  |l 3  |o 611.7 L561  |p MD.15069  |r 2020-07-20  |s 2020-07-07  |v 215000.00  |w 2019-04-09  |y BK 
980 |a Thư viện Trường Đại học Nam Cần Thơ